| 000 | 00535nam a2200157 4500 | ||
|---|---|---|---|
| 008 | 080828s1957 enk 000 0 eng d | ||
| 090 |
_aBS2545.C55 _bC89s _bc.2 |
||
| 100 | 1 | _aCullmann, Oscar. | |
| 240 | 0 | 0 |
_aStaat im Neuen Testament. _lEnglish. |
| 245 | 1 | 4 |
_aThe state in the New Testament / _cOscar Cullmann. |
| 260 |
_aLondon : _bSCM Press, _c1957. |
||
| 300 | _a121 p. ; 23 cm. | ||
| 650 | 4 |
_aChurch and state _xBiblical teaching. |
|
| 951 |
_p18886 _x00017080 _oBS2545.C55/C89s/c.2 _j080828155924374 _d2000-12-21 _cGC |
||
| 999 |
_c32160 _d32160 |
||